Statistics for Top 10 horror cartoons

Click here to take the quiz!

General Stats

  • This quiz has been taken 6 times
  • The average score is 1 of 10

Answer Stats

HintAnswer% Correct
2Courage the cowardly dog
40%
4Monster house
40%
1Coraline
20%
9Paranorman
20%
5Corpse bride
0%
6Fantasia
0%
8Invader zim
0%
10Real monsters
0%
7The nightmares before christmas
0%
3Watership down
0%

Score Distribution

Percentile by Number Answered

Percent of People with Each Score

Your Score History

You have not taken this quiz